[Event "Rio de Janeiro Cortinhas Memorial 3rd"]
[Site "Rio de Janeiro"]
[Date "2019.04.28"]
[Round "3"]
[White "De Lira, Givanildo Jose Duar"]
[Black "Da Costa, Carlos Henrique Luz"]
[Result "1-0"]
[WhiteElo "1756"]
[BlackElo "1570"]
[PlyCount "96"]
[EventDate "2019.04.27"]
[EventType "swiss"]
[EventRounds "6"]
[EventCountry "BRA"]
[SourceTitle "CBM 190 Extra"]
[Source "ChessBase"]
[SourceDate "2019.07.15"]
[SourceVersion "1"]
[SourceVersionDate "2019.07.15"]
[SourceQuality "1"]

1. e4 e6 2. d4 d5 3. e5 c5 4. c3 Nc6 5. Nf3 cxd4 6. cxd4 Qb6 7. Be2 Nge7 8. b3 Nf5 9. Bb2 Bb4+ 10. Kf1 Bd7 11. a3 Be7 12. g4 Nh6 13. h3 Rc8 14. b4 a6 15. Nbd2 Na7 16. Rb1 Bb5 17. Nb3 Bxe2+ 18. Qxe2 Qb5 19. Nc5 Rc7 20. Bc1 Qxe2+ 21. Kxe2 Nb5 22. Kd3 0-0 23. Bxh6 gxh6 24. a4 Na7 25. a5 Nb5 26. h4 Rfc8 27. g5 h5 28. Rhc1 Bf8 29. Nd2 Kg7 30. Nf1 Kg6 31. Ng3 Bxc5 32. bxc5 Rc6 33. f4 R8c7 34. Rb2 Na3 35. Rf1 Nc4 36. Ra2 Rd7 37. f5+ exf5 38. Nxf5 Rdc7 39. Nd6 Nxe5+ 40. dxe5 Rxc5 41. Rf6+ Kg7 42. Ne8+ Kf8 43. Nxc7 Rxc7 44. Rc2 Re7 45. Rc8+ Kg7 46. Kd4 b5 47. axb6 a5 48. Rc7 Re6 1-0

[Event "Rio de Janeiro Andrade Memorial 2nd"]
[Site "Rio de Janeiro"]
[Date "2018.09.08"]
[Round "4"]
[White "Rodrigues, Nei Jorge"]
[Black "De Lira, Givanildo Jose Duar"]
[Result "1-0"]
[WhiteElo "1976"]
[BlackElo "1784"]
[PlyCount "97"]
[EventDate "2018.09.07"]
[EventType "swiss"]
[EventRounds "6"]
[EventCountry "BRA"]
[SourceTitle "CBM 186 Extra"]
[Source "ChessBase"]
[SourceDate "2018.08.24"]
[SourceVersion "1"]
[SourceVersionDate "2018.08.24"]
[SourceQuality "1"]

1. d4 d5 2. c4 c6 3. g3 dxc4 4. a4 Bf5 5. Nf3 h6 6. Nbd2 Nf6 7. Nxc4 e6 8. Qb3 b6 9. Bg2 Be7 10. Nfe5 Be4 11. f3 Bh7 12. Be3 Nfd7 13. Rd1 0-0 14. f4 Qc8 15. 0-0 Nf6 16. Nd2 Nd5 17. Bf2 f6 18. Nd3 Bg6 19. f5 Bf7 20. e4 Nc7 21. fxe6 Bxe6 22. d5 Bf7 23. Nf4 Nba6 24. Bh3 Qe8 25. Ne6 Nxe6 26. dxe6 Bg6 27. Qc4 Nc5 28. Bf5 Rc8 29. Kh1 Kh8 30. Nf3 Bh7 31. Nh4 g6 32. Bh3 Rd8 33. Be3 h5 34. b4 b5 35. axb5 cxb5 36. Qc2 Na4 37. Rxd8 Qxd8 38. Qc6 Nb6 39. Qxb5 Qd6 40. Bc5 Qd8 41. Nf3 g5 42. Bf5 Bxf5 43. Bxe7 Qxe7 44. Qxf5 Kg7 45. Rc1 Rd8 46. e5 Rd5 47. exf6+ Qxf6 48. Rc7+ Nd7 49. Qxd5 1-0